000 00376nam a2200121 4500
999 _c12269
_d12269
008 190119b ||||| |||| 00| 0 eng d
100 _934683
_aMercurio, Richmond
245 _aPhl internet speed to become faster with 3rd telco/
_cRichmond Mercurio
260 _aPhilippines
_bThe Philippine Star
_cc2018
300 _apage E4.
650 0 _934684
_aInternet.
942 _2ddc
_cPER